Selección poética / (Record no. 173209)

MARC details
000 -LEADER
campo de control de longitud fija 00752nam a2200205 i 4500
001 - NÚMERO DE CONTROL
campo de control 173209
003 - IDENTIFICADOR DE NÚMERO DE CONTROL
campo de control ES-MaACL
005 - FECHA Y HORA DE LA ÚLTIMA TRANSACCIÓN
campo de control 20250829120105.0
008 - DATOS DE LONGITUD FIJA--INFORMACIÓN GENERAL
campo de control de longitud fija 091118s1936 cu |||| | spa d
080 ## - NÚMERO DE LA CLASIFICACIÓN DECIMAL UNIVERSAL
Número de la Clasificación Decimal Universal 821.134.2(729.1)-14"18"
100 1# - ENTRADA PRINCIPAL--NOMBRE DE PERSONA
Nombre de persona Gómez de Avellaneda, Gertrudis,
Fechas asociadas al nombre 1814-1873
9 (RLIN) 57886
245 10 - MENCIÓN DEL TÍTULO
Título Selección poética /
Mención de responsabilidad, etc. Gertrudis Gómez Avellaneda.
260 ## - PUBLICACIÓN, DISTRIBUCIÓN, ETC.
Lugar de publicación, distribución, etc. La Habana :
Nombre del editor, distribuidor, etc. Secretaría de Educación, Dirección de Cultura,
Fecha de publicación, distribución, etc. 1936.
300 ## - DESCRIPCIÓN FÍSICA
Extensión 51 p., [1] h. lám. retr. autora ;
Dimensiones 19 cm.
490 1# - MENCIÓN DE SERIE
Mención de serie Cuadernos de cultura. Segunda serie ;
Designación de volumen o secuencia 2
710 1# - ENTRADA AGREGADA--NOMBRE DE ENTIDAD CORPORATIVA
Nombre de entidad corporativa o nombre de jurisdicción como elemento de entrada Cuba.
Unidad subordinada Dirección General de Cultura.
9 (RLIN) 146958
830 1# - PUNTO DE ACCESO ADICIONAL DE SERIE-TÍTULO UNIFORME
Título uniforme Cuadernos de cultura
Designación de volumen o secuencia 2
9 (RLIN) 181245
852 ## - LOCALIZACIÓN
Ubicación ES-MaACL
Número de control de estantería 2254-F-29
Holdings
Estatus retirado Estado de pérdida Estado de daño No para préstamo Colección Biblioteca de origen Biblioteca actual Ubicación en estantería Fecha de adquisición Fuente de adquisición Total de préstamos Signatura topográfica completa Código de barras Visto por última vez Precio de reemplazo Tipo de ítem Koha
        Colección de folletos Biblioteca del Ateneo de Madrid Biblioteca del Ateneo de Madrid Depósito folletos 18/11/2009     2254-F-29 1181747 23/02/2023 23/02/2023 Folleto